Score 0/22 Timer 02:00
24 Plays Today
Hint 4-Letter Word % Correct
✯ ____ Floyd ✯PINK
93.4%
CreateMAKE
91.6%
Dig for coalMINE
89.3%
Don't pushPULL
88%
✯ ____ Oldfield ✯MIKE
84.2%
✯ Jethro ____TULL
84.1%
SurveyPOLL
84.1%
Cue sportPOOL
82.6%
Tree on Maine's flagPINE
82.1%
Microsoft search engineBING
77.5%
Fireplace residueSOOT
75.5%
Hint 4-Letter Word % Correct
StackPILE
71.4%
CareMIND
69.6%
Beep a car hornTOOT
69.5%
FastenBIND
67.3%
✯ Emerson, ____ & Palmer ✯LAKE
66.6%
Dosage unitPILL
66.3%
✯ Lateralus, 10,000 Days ✯TOOL
64.2%
RegisterTILL
62.2%
✯ ____ Crimson ✯KING
51.6%
Twist or crampKINK
50.6%
✯ ____ Machine ✯SOFT
16.7%

Today's Daily Dose

Remove Ads.
Support Sporcle.
Get the best of Sporcle when you Go Orange. This ad-free experience offers more features, more stats, and more fun while also helping to support Sporcle. Thank you for becoming a member.

You're not logged in!

Compare scores with friends on all Sporcle quizzes.
OR
Log In

Show Comments

Extras

Top Quizzes Today


Score Distribution

Your Account Isn't Verified!

In order to create a playlist on Sporcle, you need to verify the email address you used during registration. Go to your Sporcle Settings to finish the process.

Report this User

Report this user for behavior that violates our Community Guidelines.

Details: